Score 0/16 Timer 03:00
0 Plays Today
Question Answer Wrong Answers
Presidential Term: 31 days W.H. Harrison
78.7%
J.A. Garfield
13.7%
Died of pneumonia, April 4, 1841 in Washington, D.C. W.H. Harrison
78.5%
J.A. Garfield
14.1%
Born February 9, 1773 in Charles County, Virginia W.H. Harrison
75.9%
J.A. Garfield
16.5%
Died of gunshot wound, September 19, 1881 in Elberon, NJ J.A. Garfield
74%
W.H. Harrison
17.3%
Major General: War of 1812 W.H. Harrison
73.1%
J.A. Garfield
17.8%
Presidential Term: 6 months, 15 days J.A. Garfield
67.3%
W.H. Harrison
23.9%
Wife, Anna Symmes and 10 children W.H. Harrison
67%
J.A. Garfield
24.9%
Major General: American Civil War J.A. Garfield
64.7%
W.H. Harrison
27.5%
Born November 19, 1831 in Moreland Hills, Ohio J.A. Garfield
62.3%
W.H. Harrison
29.1%
Attended Hampden-Sydney College and the University of Pennsylvania W.H. Harrison
61.8%
J.A. Garfield
30.1%
Boarded at school with Robert Morris and studied under Dr. Benjamin Rush W.H. Harrison
59%
J.A. Garfield
31.9%
Attended Hiram College, and Williams College J.A. Garfield
58.4%
W.H. Harrison
33.4%
Wife, Lucretia Rudolph, and 7 children J.A. Garfield
57.9%
W.H. Harrison
33.6%
Was Chief of Staff to Major General William S. Rosecrans J.A. Garfield
56%
W.H. Harrison
35.3%
Representative from Ohio's 19th House District J.A. Garfield
54.4%
W.H. Harrison
38.2%
United States Senator from Ohio W.H. Harrison
46.6%
J.A. Garfield
45.5%
Remove Ads.
Support Sporcle.
Get the best of Sporcle when you Go Orange. This ad-free experience offers more features, more stats, and more fun while also helping to support Sporcle. Thank you for becoming a member.

You're not logged in!

Compare scores with friends on all Sporcle quizzes.
OR
Log In

Show Comments

Extras

Top Quizzes Today


Score Distribution

Your Account Isn't Verified!

In order to create a playlist on Sporcle, you need to verify the email address you used during registration. Go to your Sporcle Settings to finish the process.

Report this User

Report this user for behavior that violates our Community Guidelines.

Details: